Kronikus [!krónikus] fájdalmak gyogyitása [!gyógyítása] Polyximin-B iontoforézissel

Elmentve itt :
Bibliográfiai részletek
Szerzők: Knyihár Erzsébet
Szűcs Attila
Dokumentumtípus: Cikk
Megjelent: 1985
Sorozat:Szegedi Orvostudományi Egyetem újítói és újításai 1
Kulcsszavak:Orvostudomány, Fizika
Online Access:http://acta.bibl.u-szeged.hu/18499
LEADER 00720nab a2200193 i 4500
001 acta18499
005 20210721130752.0
008 161015s1985 hu o 0|| hun d
022 |a 0238-3624 
040 |a SZTE Egyetemi Kiadványok Repozitórium  |b hun 
041 |a hun 
100 1 |a Knyihár Erzsébet 
245 1 0 |a Kronikus [!krónikus] fájdalmak gyogyitása [!gyógyítása] Polyximin-B iontoforézissel  |h [elektronikus dokumentum] /  |c  Knyihár Erzsébet 
260 |c 1985 
300 |a 13 
490 0 |a Szegedi Orvostudományi Egyetem újítói és újításai  |v 1 
695 |a Orvostudomány, Fizika 
700 0 1 |a Szűcs Attila  |e aut 
856 4 0 |u http://acta.bibl.u-szeged.hu/18499/1/szote_ujito_1985_013.pdf  |z Dokumentum-elérés